Kluby występujące w eksraklasie 24/25 - Statystyki

Ogólne statystyki
  • Ten quiz został rozwiązany 53 razy
  • Średni wynik to 14 z 18
Statystyki odpowiedzi
liczba
mistrzostw
klub % Poprawnych
8 Lech Poznań
100%
15 Legia Warszawa
98%
0 Lechia Gdańsk
91%
0 GKS Katowice
87%
14 Górnik Zabrze
87%
0 Motor Lublin
85%
1 Jagiellonia Białystok
83%
5 Cracovia
81%
2 Śląsk Wrocław
81%
1 Raków Częstochowa
79%
0 Korona Kielce
77%
0 Pogoń Szczecin
74%
1 Piast Gliwice
72%
0 Radomiak Radom
70%
2 Zagłębie Lubin
70%
4 Widzew Łódź
66%
2 Stal Mielec
64%
0 Puszcza Niepołomice
60%
Nie znaleziono quizów pasujących do podanych kryteriów
Rozkład punktacji
Procent ludzi z każdym wynikiem
Percentyl według liczby udzielonych odpowiedzi
Twoja historia wyników
Nie rozwiązałeś tego quizu